Open Data Biblioteca Nacional de Portugal


República Portuguesa: Ministério da Cultura
Biblioteca Nacional de Portugal

Catálogo da BNP: acesso por Identificadores Unívocos
Registos Bibliográficos associados ao registo de autoridade

Etiqueta de registo: 00254nam 2200025 450
001 2286203
003 http://id.bnportugal.gov.pt/bib/catbnp/2286203
010 ## $a978-989-36040-9-0$bobra completa)
010 ## $a978-989-36736-0-7$bv. 1)
010 ## $a978-989-367-36-1-4$bv. 2)
021 ## $aPT$b560792/26
100 ## $a20260512d2026 m y0pory01030103ba
101 0# $apor
102 ## $aPT
105 ## $aa b 100yy
106 ## $ar
200 1# $aForma da Vizinhança$fconceito, ed. Daniel Duarte Pereira, Fernando P. Ferreira$gtextos Álvaro Domingues... [et al.]$gcartografias Daniel Duarte Pereira, Lucas Carneiro...[et al.]
205 ## $a1ª ed
210 #9 $aBrag$cCirco de Ideias,$dD.L. 2026
215 ## $a2 v.$cil.$d24 cm
702 #1 $aPereira,$bDaniel Duarte$4340$31666565
702 #1 $aFerreira,$bFernando P.,$f1987-$4340$31735891
702 #1 $aDomingues,$bÁlvaro,$f1959-$4070$31395756
702 #1 $aRoldão,$bJoão Versos$4600$31862009
702 #1 $aCarneiro,$bLucas$4180$31904594
710 12 $aFestival de Arquitetura Forma da Vizinhança,$eBraga,$f2025$31998201
801 #0 $aPT$bBN$gRPC
966 ## $b001$dV. 1$lBN$mFGMON$x1
966 ## $b001$dV. 1$lBN$mFGMON$x1
966 ## $b001$dV. 2$lBN$mFGMON$x1
966 ## $b001$dV. 2$lBN$mFGMON$x1
971 ## $ciquintas$d20260512

OpendataBNP@bnportugal.pt | Mais informação sobre acesso aos dados BNP